Hamilton Songs In-Order - Statistics

General Stats
  • This quiz has been taken 75 times
  • The average score is 34 of 46
Answer Stats
Answer % Correct
Alexander Hamilton
100%
Aaron Burr, Sir
97%
My Shot
97%
The Story of Tonight
92%
The Schuyler Sisters
89%
Farmer Refuted
87%
Satisfied
87%
You'll Be Back
87%
Non-Stop
84%
Right Hand Man
84%
A Winter's Ball
82%
Helpless
82%
Meet Me Inside
79%
The Story of Tonight - Reprise
79%
What'd I Miss
79%
Ten Duel Commandments
76%
Cabinet Battle #1
74%
Dear Theodosia
74%
Guns and Ships
74%
Stay Alive
74%
Wait for It
74%
Yorktown (The World Turned Upside Down)
74%
Say No to This
71%
That Would Be Enough
71%
The World Was Wide Enough
71%
Who Lives, Who Dies, Who Tells Your Story
71%
Take a Break
68%
The Election of 1800
68%
The Room Where It Happens
68%
Best of Wives and Best of Women
66%
Burn
66%
Cabinet Battle #2
66%
History Has Its Eyes on You
66%
Hurricane
66%
One Last Time
66%
The Reynolds Pamphlet
66%
Washington on Your Side
66%
We Know
66%
What Comes Next?
66%
Your Obedient Servant
66%
I Know Him
63%
The Adams Administration
63%
Blow Us All Away
61%
It's Quiet Uptown
61%
Stay Alive - Reprise
61%
Schuyler Defeated
58%
No matching quizzes found
Score Distribution
Percent of People with Each Score
Percentile by Number Answered
Your Score History
You have not taken this quiz